01250pam a2200349 i 4500999001700000001001000017003000900027005001700036008004100053020001800094040004500112082001900157110006900176245002100245246002800266246002400294264004900318264001000367300007800377336002600455336003300481337002800514338002700542500002200569650003400591650003300625650004100658653001900699655002400718942001200742952014600754 c29263d29234018667825EG-ScBUE20210727140850.0171128t2018 enka f 000 0 eng d a9781855147416 aStDuBDSbengerdacStDuBDSdUkdEG-ScBUE04a779.2bNAT22220aNational Portrait Gallery (Great Britain),ecreator,epublisher.10a100 photographs.13aOne hundred photographs3 aHundred photographs 1aLondon :bNational Portrait Gallery,c[2018] 4cc2018 a176 pages :bchiefly illustrations (black and white, and colour) ;c15 cm atext2rdacontentbtxt astill image2rdacontentbtxt aunmediated2rdamediabn avolume2rdacarrierbnc aFormerly CIP.5Uk 7aPhotography, Artistic.2BUEsh 7aPortrait photography.2BUEsh 7aCelebritiesvPictorial works.2BUEsh bGGENcJuly2021 vReading book934232 2ddccBB 00102ddc40708AlahramaMAINbMAINc2NDd2021-07-27ePurchaseg215.00l0o779.2 NATp000050430r2025-07-15 00:00:00v268.75w2021-07-27yBB